Effective Communication / (Record no. 12)

MARC details
000 -LEADER
fixed length control field 00464nam a22001697a 4500
005 - DATE AND TIME OF INPUT
control field 20231023084904.0
008 - DATA ELEMENTS--GENERAL INFORMATION
fixed length control field 231023b |||||||| |||| 00| 0 eng d
020 ## - INTERNATIONAL STANDARD BOOK NUMBER
International Standard Book Number 0409035327
041 ## - LANGUAGE CODE
Language code of text English
082 ## - SHELF NUMBER
DDC number 158 KIN
100 ## - MAIN AUTHOR
Main author's name King AG
Language of a work English
245 ## - TITLE STATEMENT
Title Effective Communication /
Statement of responsibility, etc. AG King
260 ## - PUBLICATION, DISTRIBUTION, ETC.
Place of publication, distribution, etc. Durban
Name of publisher, distributor, etc. Butterworths
Date of publication, distribution, etc. 1999
300 ## - PHYSICAL DESCRIPTION
Other physical details xi, 79 pages
Dimensions 25 cm.
650 ## - SUBJECT`
Broad subject Legal practice
Own subject terms Law
942 ## - ADDED ENTRY ELEMENTS (KOHA)
Item type Books
942 ## - ADDED ENTRY ELEMENTS (KOHA)
-- ALISON_B_N__VRIES
Holdings
Source of classification or shelving scheme Not for loan Collection code Home library Current library Shelving location Date acquired Full call number Barcode Price effective from Koha item type
Dewey Decimal Classification   TEXT BOOKS LAW SOCIETY OF NAMIBIA LIBRARY - WINDHOEK LAW SOCIETY OF NAMIBIA LIBRARY - WINDHOEK General Shelf 10/23/2023 158 KIN LSN/2002/28 10/23/2023 Books